00905nam a2200241 i 450000100060000000300090000600500170001500700030003200800410003510000380007624500570011425000250017126000340019630000330023049000120026350000900027571000640036571000440042983000200047385200320049399900170052595201210054283394ES-MaACL20240527195144.0t|041116s1956 sp ||||1| spa d1 aIribarren, José María.96545410aHistorias y costumbres / cJosé María Iribarren. a2ª ed. corr. y aum. aPamplona : bGómez, c1956. a338 p., 23 lám. ; c24 cm.1 aEnsayos aPrecede al tít.: Diputación Foral de Navarra. Institución "Príncipe de Viana"1 aNavarra (Comunidad Autónoma). bDiputación Foral.959842 aInstitución Príncipe de Viana947300 aEnsayos9176633 aES-MaACLjC-10202 bR.38642 c83394d83394 00104070aATENEOMbATENEOMcSPALd2008-01-17eSCl0oC-10202p1087159r2023-02-23 00:00:00w2023-02-23yMONOGRAFIA